000 00361nam a2200145Ia 4500
005 20250424120230.0
008 250424s9999 xx 000 0 und d
022 _a00189162
245 0 _aComputer: innovative technology for computer professionals
260 _aNY
260 _bNTIC Ltd.
260 _c2008
300 _a112 p. : ill. ; 28 cm.
942 _cSR
999 _c38141
_d38141